• 首页
  • 本馆介绍
  • 公告通知
  • 最新文献
  • 馆藏检索
  • 电子资源
  • 读者导购
  • 参考咨询
  • 我的图书馆
  • 登录
  • 详细信息显示
  • 放入我的书架
  • 预约/预借图书
  • 作者相关作品
  • 分类相关作品
  • 丛书相关作品
  • 出版社相关作品

书目信息

  • 表格格式
  • 工作单格式
  • 卡片格式
题名:
保龄球十日通
    
 
作者: 尹洪满 , 左琳 编著
分册:  
出版信息: 北京   京华出版社  1997
页数: 109页
开本: 19cm
丛书名: 十日通丛书
单 册:
中图分类: G849.4
科图分类:
主题词: 保龄球运动--基本知识
电子资源:
ISBN: 7-80600-246-4
000 00729nam2 2200265 450
001 0100621998
005 20100812093422.0
010    @a7-80600-246-4@dCNY4.00
011    @a7-80600-246-4
100    @a20021005d1997 em y0chiy0110 ea
101 0  @achi
102    @aCN@b110000
105    @ay z 000yy
106    @ar
200 1  @a保龄球十日通@9Bao Ling Qiu Shi Ri Tong @f尹洪满,左琳编著@b专著
210    @a北京@c京华出版社@d1997
215    @a109页@d19cm
225 2  @a十日通丛书
410  0 @12001 @a十日通丛书
606 0  @a保龄球运动@x基本知识
690    @aG849.4@v3
701  0 @a尹洪满@9yin hong man@4编著
701  0 @a左琳@9zuo lin@4编著
801  0 @aCN@bAiZhiMarc@c19980213
905    @aBZT@dG849.4@e4@f2@sG849.4/4
    
    保龄球十日通/尹洪满,左琳编著.-北京:京华出版社,1997
    109页;19cm.-(十日通丛书)
    
    
    ISBN 7-80600-246-4:CNY4.00
    
●
相关链接 在五车中查询图书 在当当中查询图书 在豆瓣中查询图书


正题名:保龄球十日通     索取号:G849.4/4         预约/预借

序号 登录号 条形码 馆藏地/架位号 状态 备注
1 2000039419   2000039419   旧书回溯/ [索取号:G849.4/4] 在馆    
2 2000039420   2000039420   旧书回溯/ [索取号:G849.4/4] 在馆    
山东省滨州职业学院图书馆 欢迎您!
大连网信软件有限公司© 版权所有